Statistics for Most Spoken Languages A-Z

Click here to take the quiz!

General Stats

  • This quiz has been taken 65 times
  • The average score is 15 of 26

Answer Stats

Letter Language % Correct
EEnglish
100%
FFrench
98%
AArabic
93%
SSpanish
93%
JJapanese
88%
GGerman
86%
RRussian
84%
MMandarin
84%
HHindi
81%
PPortuguese
78%
CCantonese
78%
DDutch
69%
VVietnamese
66%
BBengali
59%
KKorean
57%
UUrdu
57%
IIndonesian
53%
WWu
47%
LLao
41%
QQuechua
34%
YYoruba
22%
NNepali
22%
TTelugu
19%
OOdia
10%
XXiang
9%
ZZhuang
2%

Score Distribution

Percentile by Number Answered

Percent of People with Each Score

Your Score History

You have not taken this quiz